Grammy Winners-Sudden Death - Statistics

General Stats
  • This quiz has been taken 212 times
  • The average score is 7 of 20
Answers on the Grid
Answers color-coded by a green-red scale on the quiz's grid according to % correct below.
Snoop Dogg
Beyonce
Quincy Jones
Taylor Swift
Katy Perry
Sabrina Carpenter
Jay-Z
Ellie Goulding
Robbie Williams
Lewis Capaldi
Billie Eilish
Selena Gomez
Elvis Presley
Ed Sheeran
Eminem
Shawn Mendes
Olivia Rodrigo
Rihanna
Renee Rapp
Bob Marley
Ariana Grande
ROLE MODEL
Justin Bieber
Harry Styles
Meghan Trainor
Avril Lavigne
Jennifer Lopez
Hozier
Olivia Dean
Djo
Chappell Roan
Kate Bush
Pitbull
Kendrick Lamar
Mac Miller
Lana Del Ray
Nick Minaj
Adele
Tom Jones
Dominic Fike
 
Answer Stats
Answer % Correct
Beyonce
83%
Taylor Swift
71%
Billie Eilish
62%
Jay-Z
48%
Ariana Grande
39%
Sabrina Carpenter
37%
Adele
36%
Kendrick Lamar
34%
Eminem
32%
Rihanna
32%
Ed Sheeran
31%
Harry Styles
28%
Quincy Jones
28%
Olivia Rodrigo
25%
Chappell Roan
22%
Justin Bieber
22%
Elvis Presley
13%
Meghan Trainor
11%
Pitbull
5%
Tom Jones
4%
No matching quizzes found
Score Distribution
Percent of People with Each Score
Percentile by Number Answered
Your Score History
You have not taken this quiz